000 01447 a2200241 4500
005 20080826111019.0
008 080826t xxu||||| |||| 00| 0 hin d
010 _aHIN-83092
020 _c480.00
035 _aHN-55438
037 _bपु.प्र.अ.प्र/वितरक
082 _a615.535
100 _aनागेन्द्र कुमार नीरज
245 _aप्राकृतिक चिकित्सा एवं योग /
_cनागेन्द्र कुमार नीरज
246 _bPrakritik chikitsa evam yog
_aby Nagendra Kumar Neeraj
260 _aपुणे
_bराष्ट्रीय प्राकृतिक चिकित्सा संस्थान
_c2007 (नवी.एवं परि)
260 _aजयपुर
_bपापुलर बुक डिपो (वितरक)
270 _a6, रमाबाई अम्बेडकर
_bपुणे
_e411001
_k0212 629230, 632789
270 _aचौड़ा रास्ता
_bजयपुर
300 _a359पृ
_c22 सेमी (सजिल्द)
_bसचित्र
942 _adpl
_cHN
_k615.535 / नागेन्द्र
_2ddc
_h615.535
_mनागेन्द्र
999 _c11659
_d11659